| 000 | 01000nam a22002537a 4500 | ||
|---|---|---|---|
| 001 | 6991 | ||
| 003 | FISKH | ||
| 005 | 20251212150758.0 | ||
| 008 | 250616b cb ||||| |||| 00| 0 eng d | ||
| 020 | _a9781595152619 | ||
| 040 |
_aFISKH _beng _cFISKH _dFISKH |
||
| 050 | _aQL49.M58 | ||
| 100 | _aMitten, Luana K. | ||
| 245 |
_aSorting it all out / _cby Luana K.Mitten and Mary M. Wagner |
||
| 260 |
_aFlorida : _bRourke Publishing , _c2004. |
||
| 300 |
_a16 pages : _bcolor illustrations ; _c16x19 cm . |
||
| 505 | _aF | ||
| 520 | _aThe book compares the attributes of vertebrates and invertebrates, helping children understand how scientists group animals by their physical traits. For example, it explains that a wolf has live babies, fur, four legs, and bones, classifying it as a mammal, similar to a cat, dog, or horse | ||
| 521 | 8 |
_a300
_bLexile estimate |
|
| 521 | 8 |
_aF
_bRaz-Plus |
|
| 700 |
_aFreeman, Marcia S. _eConsulting Editor |
||
| 942 |
_2ddc _cBK _n0 |
||
| 999 |
_c6991 _d6991 |
||